000
00415nam a22001217a 4500
003
SGT
082
_a
891.4309
_b
B02S
100
_a
सिंह, विजय बहादुर
245
_a
भवानी प्रसाद रचनावली
260
_b
अनामिका पब्लिशर्स एंड डिस्ट्रीब्यूटर्स
_c
2002
300
_a
492
942
_2
ddc
_c
BK
999
_c
31230
_d
31230